000 00320nam a2200121Ia 4500
008 190216s9999||||xx |||||||||||||| ||und||
100 _aCharels A Nickerson & Ingeborg A Nickerson
245 0 _aStatistical Analysis For Decision Making
260 _bPbi Pb
_c1978
300 _a403
650 _aEconomics
942 _cBK
999 _c9461
_d9461